Statystyki dla Państwa Ameryki Południowej

Kliknij tutaj aby rozwiązać quiz!

Ogólne statystyki

  • Ten quiz został rozwiązany 13 razy
  • Średni wynik to 13 z 14

Odpowiedzi na mapie

Odpowiedzi skodowane kolorowo w zielono-czerwonej skali na mapie do tego quizu, zgodnie z poniższymi procentami.
 

Statystyki odpowiedzi

Państwo% Poprawnych
Argentyna
100%
Boliwia
100%
Brazylia
100%
Chile
100%
Kolumbia
100%
Paragwaj
100%
Peru
100%
Urugwaj
100%
Ekwador
92%
Gujana
92%
Wenezuela
92%
Gujana Francuska
83%
Surinam
58%
Falklandy (Malwiny)
33%

Rozkład punktacji

Percentyl według liczby udzielonych odpowiedzi

Procent ludzi z każdym wynikiem

Twoja historia wyników

Nie rozwiązałeś tego quizu